A mathematician's apology
Na minha lista:
| Autor principal: | |
|---|---|
| Formato: | Livro |
| Idioma: | inglês |
| Publicado em: |
Cambridge
Cambridge University Press
1992
|
| Assuntos: | |
| Tags: |
Adicionar Tag
Sem tags, seja o primeiro a adicionar uma tag!
|
MARC
| LEADER | 00000nam a2200000 a 4500 | ||
|---|---|---|---|
| 001 | UCZ2002 | ||
| 003 | CL-VaPUC | ||
| 008 | 950925e19920000UK |||||||||||||||||eng|d | ||
| 082 | 0 | 4 | |a 510.1 |b HAR |2 21 |
| 100 | |a Hardy, Godfrey Harold |e author |9 424113 | ||
| 245 | 1 | 2 | |a A mathematician's apology |
| 300 | |a 153 p | ||
| 942 | |c BK | ||
| 945 | |d 19950925 00:00:00 |a rbrito | ||
| 260 | |a Cambridge |b Cambridge University Press |c 1992 | ||
| 650 | 0 | |a Filosofía de las matemáticas |9 265233 | |
| 583 | |a last modification |c 20120904 09:27:07 |k Rodrigo Vera | ||
| 999 | |c 238667 |d 238665 | ||
| 952 | |0 0 |1 0 |4 0 |6 510_100000000000000_HAR_1992 |7 0 |8 A |9 249028 |a BIBMAT |b BIBMAT |d 2019-11-18 |i 3134695 |o 510.1 HAR 1992 |p 3134695 |r 2025-01-07 |w 2019-11-18 |y BK |k MAT | ||